| 000 | 00796nam a2200253 i 4500 | ||
|---|---|---|---|
| 003 | EG-ScBUE | ||
| 005 | 20260510092437.0 | ||
| 008 | 200219s2022 gw a f 000 0 eng d | ||
| 020 | _a9798560447779 | ||
| 040 |
_aEG-ScBUE _beng _erda _cEG-ScBUE _dEG-ScBUE |
||
| 082 | 0 | 4 |
_222 _a741.05 _bAGE |
| 100 | 1 |
_aAgerer, Markus S., _eauthor. |
|
| 245 | 1 | 0 |
_aComposition in drawing : _bthe design and composition of drawings / _cMarkus S. Agerer. |
| 264 | 1 |
_aOiching, Germany : _bMarkus S. Agerer, _c2022. |
|
| 300 |
_a124 pages : _billustrations ; _c28 cm |
||
| 336 |
_2rdacontent _atext _btxt |
||
| 337 |
_2rdamedia _aunmediated _bn |
||
| 338 |
_2rdacarrier _avolume _bnc |
||
| 650 | 7 |
_2BUEsh _aDrawing. |
|
| 650 | 7 |
_2BUEsh _aDesign. |
|
| 653 |
_cMay2026 _bART |
||
| 655 | _vReading book | ||
| 942 |
_2ddc _cBB |
||
| 999 |
_c31203 _d31174 |
||